| 000 | 00465 a2200157 4500 | ||
|---|---|---|---|
| 003 | NUST | ||
| 005 | 20230228184811.0 | ||
| 040 | _cNust | ||
| 082 | _a624,IQB | ||
| 100 |
_aIqbal, Ahmed Sheikh _9109659 |
||
| 245 |
_aApna Ghar Kaise banaye Iqbal Ahmed Sheikh / اپنا گھر کیسے بنائیں (urdu) / _cIqbal Ahmed Sheikh |
||
| 260 |
_aRawalpindi _bNational Book Foundation _c1987 |
||
| 300 | _a228 p.; | ||
| 650 |
_aHomes _9109660 |
||
| 942 |
_2ddc _cBK _k624,IQB |
||
| 999 |
_c188003 _d188003 |
||